| 000 | 00570nam a2200157 a 4500 | ||
|---|---|---|---|
| 001 | 000038156 | ||
| 003 | DO-SdBNP | ||
| 005 | 20250221081005.0 | ||
| 008 | 130319s2001 sp 000 0 spa d | ||
| 040 |
_aDO-SdBNP _bspa _cBNPHU |
||
| 111 | 2 |
_aconvención de la Unesco sobre la protección del patrimonio cultural subacuático. _d(2001: 2 noviembre _cParís) _964519 |
|
| 245 | 1 | 3 | _aLa convención de la Unesco sobre la protección del patrimonio cultural subacuático. |
| 260 |
_aParís, : _bUNESCO, _c2001. |
||
| 300 |
_a30 p. : _bil. retrs. ; _c22 cm. |
||
| 942 |
_2ddc _cLBS1 |
||
| 999 |
_c37646 _d37646 |
||